000 00668nam a22001937a 4500
005 20251108164719.0
008 250721s1992 xx 000 0 ara d
082 1 4 _a811.90962/ماح
100 1 _aخفاجي، محمد عبد المنعم
_eمحرر
245 1 0 _aالماحي :
_bشاعر العروبة : دراسات أدبية و نقدية معاصرة لأعلام الأدب و النقد و ... /
264 1 _aبيروت :
_bدار الجيل،
_c1992.
300 _a480ص
650 1 7 _aالشعر العربي
650 1 7 _aالتاريخ الأدبي
650 1 7 _aالنقد الأدبي
650 1 7 _aمصر
942 _2ddc
_cBK
999 _c12532
_d12532